00314nam a2200121Ia 4500008004100000041000800041082001600049100001900065245003100084260003800115700001900153700002000172230627s9999 xx 000 0 und d amar a345.05bRAN aRanchhoddas R  aCode Of Criminal Procedure aNagpurbWadhawa And Companyc2004 a Ratanlal R.  a Thakore D. K.